Images of penance, images of mercy (Record no. 1004)

MARC details
000 -CABECERA
campo de control de longitud fija 00972nam a2200229 a 4500
001 - NÚMERO DE CONTROL
campo de control BRCA_1126
005 - FECHA Y HORA DE LA ÚLTIMA TRANSACCIÓN
campo de control 20190320203306.0
008 - DATOS DE LONGITUD FIJA--INFORMACIÓN GENERAL
campo de control de longitud fija 900918s1991 okua---##b---s001-0#eng-#
020 ## - NÚMERO INTERNACIONAL ESTÁNDAR DEL LIBRO
Número Internacional Estándar del Libro 0806123257
040 ## - FUENTE DE LA CATALOGACIÓN
Centro catalogador/agencia de origen DLC
Centro/agencia transcriptor DLC
Centro/agencia modificador DLC
050 #4 - SIGNATURA TOPOGRÁFICA DE LA BIBLIOTECA DEL CONGRESO
Número de clasificación N7908.6
Número de documento/Ítem .W76 1991
100 1# - ENTRADA PRINCIPAL--NOMBRE DE PERSONA
Nombre de persona Wroth, William
Fechas asociadas al nombre 1938-
9 (RLIN) 3709
245 10 - MENCIÓN DE TÍTULO
Título Images of penance, images of mercy
Resto del título southwestern santos in the late nineteenth century
Mención de responsabilidad, etc. by William Wroth ; with an introduction to part 2 by Marta Weigle.
260 ## - PUBLICACIÓN, DISTRIBUCIÓN, ETC.
Lugar de publicación, distribución, etc. Norman, Oklahoma
Nombre del editor, distribuidor, etc. Published for Taylor Museum for Southwestern Studdies, Colorado Springs Fine Arts Center, by University of Oklahoma
Fecha de publicación, distribución, etc. 1991.
300 ## - DESCRIPCIÓN FÍSICA
Extensión xvii, 196 p.
Otras características físicas il. (principalmente a color)
Dimensiones 30 cm.
500 ## - NOTA GENERAL
Nota general Incluye índice alfabetico
504 ## - NOTA DE BIBLIOGRAFÍA, ETC.
Nota de bibliografía, etc. Bibliografía : p. [187]-190
650 14 - PUNTO DE ACCESO ADICIONAL DE MATERIA--TÉRMINO DE MATERIA
Término de materia o nombre geográfico como elemento de entrada Santos (Arte)
Subdivisión general Historia
Subdivisión cronológica Siglo XIX
Subdivisión geográfica Nuevo Sudoeste
9 (RLIN) 3710
650 14 - PUNTO DE ACCESO ADICIONAL DE MATERIA--TÉRMINO DE MATERIA
Término de materia o nombre geográfico como elemento de entrada Santos (Arte)
Subdivisión general Catálogos
Subdivisión geográfica Nuevo Sudoeste
9 (RLIN) 3711
710 2# - PUNTO DE ACCESO ADICIONAL--NOMBRE DE ENTIDAD CORPORATIVA
Nombre de entidad corporativa o nombre de jurisdicción como elemento de entrada Taylor Museum
9 (RLIN) 3712
942 ## - ELEMENTOS DE PUNTO DE ACCESO ADICIONAL (KOHA)
Fuente del sistema de clasificación o colocación Library of Congress Classification
Tipo de ítem Koha Libros
Holdings
Estado de retiro Estado de pérdida Estado dañado No para préstamo Localización permanente Ubicación/localización actual Fecha de adquisición Total de préstamos Signatura topográfica completa Código de barras Fecha visto por última vez Precio válido a partir de Tipo de ítem Koha
El ejemplar forma parte de la colección y puede ser consultado según las políticas vigentes.       Biblioteca del Museo Franz Mayer (Rogerio Casas-Alatriste) Biblioteca del Museo Franz Mayer (Rogerio Casas-Alatriste) 26/06/2008   N7908.6 .W76 1991 01650 22/03/2019 22/03/2019 Libros